LEADER 01385nam a2200289 u 4500 001 000000023262 003 CaOOAMICUS 005 20070226111223.0 008 950526s1971 enk u000 u eng u 035 $a10584206 040 $aPUL$bita 100 1 $aSayers, Jane E.$0(OLS)http://pul/name/19632 245 10$aPapal judges delegate in the province of Canterbury 1198-1254 :$ba study in ecclesiastical jurisdiction and administration /$cby Jane E. Sayers. 260 $aOxford :$bUniversity press,$c1971. 300 $axxv, 398 p. ;$c23 cm 490 1 $aOxford historical monographs 500 $aComprende indici. 504 $aBibliografia: p. 357-371. 610 14$aCanterbury (diocesi)$y1198-1254.$0(OLS)http://pul/subject/14382 651 4$aInghilterra$xStoria ecclesiastica$y1066-1485.$0(OLS)http://pul/subject/1566 830 0$aOxford historical monographs.$0(OLS)http://pul/title/32364 850 $aPUL 852 $aPUL$W1$xDP1 Fondo Maccarrone$y58$m1504 E 27$j32635$nBK-PRI$b $qFondi$B32635$CPULBib$Z2$F32635 $H $81 941 1 $a1 961 $aINV: 01297 -- Fondo Mons. M. Maccarrone 996 $6245$aPapal judges delegate in the province of Canterbury 1198-1254 :$ba study in ecclesiastical jurisdiction and administration$9(OLS)http://pul/title/32363 996 $6260$aOxford :$bUniversity press$9(OLS)http://pul/publisher/57659 LEADER 01397nam a2200337 a 4500 001 000000140718 003 CaOOAMICUS 005 20141203095343.0 008 141203s2005 it u000 u ita r 020 $a88-304-1544-8 040 $aPUL$bita 041 1 $aita$hger 100 1 $aHeidegger, Martin,$d1889-1976.$0(OLS)http://pul/name/5737 240 10$aSein und Zeit.$lItaliano.$0(OLS)http://pul/title/12501 245 10$aEssere e tempo /$cdi Martin Heidegger ; nuova edizione italiana a cura di Franco Volpi sulla versione di Pietro Chiodi con le glosse a margine dell'autore. 260 $aMilano :$bLonganesi$g2005 300 $a632 p. ;$c21 cm 490 1 $aMarmi ;$v182 504 $aBiblografia p. [553]-579. 650 4$aMetafisica.$0(OLS)http://pul/subject/433 700 1 $aVolpi, Franco,$d1952-2009.$0(OLS)http://pul/name/10350 700 1 $aChiodi, Pietro,$d1915-$0(OLS)http://pul/name/5738 830 0$aMarmi.$0(OLS)http://pul/title/63884 850 $aPUL 852 $aPUL$W1$xDP1 Fondo Capitani$y116$m2 A 18$j114981$qFondi$B162077$CPULBib$Z2$F162077 $HCap1863 $82 941 1 $a1 961 $aNota ms. di possesso: Capitani. 996 $6020$a88-304-1544-8$9(OLS)http://pul/number/156404 996 $6245$aEssere e tempo$9(OLS)http://pul/title/145408 996 $6260$aMilano :$bLonganesi$9(OLS)http://pul/publisher/52306